000 00352cam a22001217a 4500
008 180718b1992 xxu||||| |||| 00| 0 eng d
082 _aF5x5415 D535
245 _aDemocratic Nepal
_cedited by M.D. Dharamdasani
260 _aLanka
_bShalimar Publishing House
_c1992
300 _a176p.
650 _aNepal --History --1951-
700 _aDharamdasani, M.D.
999 _c491136
_d491136